Musiques de l'album FLIP (Lomepal) - Statistiques

Statistiques générales
  • Ce quiz a été pris 701 fois
  • Le résultat moyen est 12 sur 19
Statistiques - réponses
Réponse % Correct
Yeux disent
86%
Bécane (ft. Superpoze)
83%
Palpal
78%
Sur le sol
78%
70
76%
Danse (ft. Camélia Jordana)
73%
Lucy (ft. 2Fingz)
73%
Malaise
71%
Avion
68%
Club
67%
Pommade
67%
Bryan Herman
62%
Billet (ft. Roméo Elvis)
61%
Ca compte pas (ft. Caballero)
58%
Ray Liotta
58%
Un peu de sang
53%
Outsider
52%
Skit skate
48%
Mi-chemin (ft. JeanJass)
33%
Aucun quiz correspondant
Distribution des résultats
% des personnes avec chaque résultat
Percentile par nombre de réponses
Votre historique - résultats
Vous n’avez pas pris ce quiz